000 00417cam a22001337a 4500
008 180718b1910 xxu||||| |||| 00| 0 eng d
082 _aA99 G862/M421
100 _aMathew, Arnold Harris
245 _aThe life and times of Hilderbrand, Pope Gregory VII
_cby Arnold Harris Mathew
260 _aLondon
_bFrancis Griffiths
_c1910
300 _a308p.
650 _aHoly Roman Empire
650 _aGregory VII, Pope, 1020-85
999 _c373428
_d373428